Marsylia - quiz wielokrotnego wyboru - Statystyki

Ogólne statystyki
  • Ten quiz został rozwiązany 478 razy
  • Średni wynik to 5 z 10
Statystyki odpowiedzi
Zagadnienie Odpowiedź % Poprawnych
Która z tych rzeczy jest nazwana po Marsylii? Hymn Francji
92%
W jakiej książce główny bohater jest uwięziony w powyższej twierdzy przed dokonaniem misternej zemsty? Hrabia Monte Cristo
71%
W jakim historycznym regionie Francji zlokalizowana jest Marsylia? Prowansja
68%
Który z tych piłkarzy został urodzony w Marsylii przez algierskich rodziców? Zinedine Zidane
67%
Z robienia czego Marsylia jest znana od XVII wieku? Mydła
46%
Kiedy i przez kogo została założona Marsylia? Ok. 600 r.p.n.e. przez Greków
39%
Jaka wyspiarska twierdza jest położona niedaleko Marsylii? Zamek d'If
33%
Jak nazywa się ikoniczna bazylika w Marsylii? Notre-Dame de la Garde
31%
Z jakiego sportu znana jest Marsylia, i jest gospodarzem pierwszego międzynarodowego turnieju co roku? Petanka
31%
Które z tych dań pochodzi z Marsylii? Bouillabaisse
26%
Nie znaleziono quizów pasujących do podanych kryteriów
Rozkład punktacji
Procent ludzi z każdym wynikiem
Percentyl według liczby udzielonych odpowiedzi
Twoja historia wyników
Nie rozwiązałeś tego quizu